00530nam a22001697a 450000500170000000800410001704000210005804100080007908200130008710000320010024500890013225000120022126000470023330000100028065000410029070000290033120241205061017.0241205b |||||||| |||| 00| 0 eng d aIN-DiNCcIN-DiNC dasm a823bDOY aDoyle, Arthur Conaneauthor aBilupta jagat (The Lost World)/cby Arthur Conan Doyle and translated by Raihan Shah a6th ed. aGuwahati:bPublication Board Assam,c2014. a211p. aEnglish Novel translated to Assamese aShah, RaihaneTranslator